[Event "Budapest SixDays 03 GM"]
[Site "Budapest"]
[Date "2024.04.01"]
[Round "4"]
[White "Grover, Sahaj"]
[Black "Orujov, Farid"]
[Result "1-0"]
[WhiteElo "2519"]
[BlackElo "2258"]
[PlyCount "87"]
[EventDate "2024.03.30"]
[EventType "tourn"]
[EventRounds "9"]
[EventCountry "HUN"]
[EventCategory "7"]
[SourceTitle "CB15_2024"]
[SourceDate "2024.04.10"]
[SourceVersion "1"]
[SourceVersionDate "2024.04.10"]
[SourceQuality "1"]

1. d4 d5 2. c4 c6 3. cxd5 cxd5 4. Bf4 Nc6 5. e3 Nf6 6. Nc3 Bf5 7. Qb3 Na5 8. Qa4+ Bd7 9. Qc2 e6 10. Bd3 Rc8 11. Nf3 Bb4 12. 0-0 0-0 13. Rac1 a6 14. Ne5 Bxc3 15. bxc3 Bb5 16. Bg5 Bxd3 17. Qxd3 h6 18. Bxf6 gxf6 19. Nf3 f5 20. Kh1 Nc4 21. Rg1 Kh8 22. g4 fxg4 23. Rxg4 Rg8 24. Rh4 Rg6 25. e4 Qd6 26. e5 Qe7 27. Rh5 Kg7 28. Nh4 Rg5 29. Qe2 Rg8 30. f4 Rxh5 31. Qxh5 Kh7 32. Nf3 Rg6 33. f5 exf5 34. Qxf5 Qe6 35. Nh4 Ne3 36. Qxe6 Rxe6 37. Re1 Nc4 38. Ng2 Rc6 39. Nf4 Nb6 40. Rb1 Kg8 41. Nh5 Kf8 42. Nf6 a5 43. Rxb6 Rxb6 44. Nd7+ 1-0

[Event "Budapest SixDays 03 GM"]
[Site "Budapest"]
[Date "2024.04.01"]
[Round "5"]
[White "Kaasen, Tor Fredrik"]
[Black "Grover, Sahaj"]
[Result "1/2-1/2"]
[WhiteElo "2450"]
[BlackElo "2519"]
[PlyCount "37"]
[EventDate "2024.03.30"]
[EventType "tourn"]
[EventRounds "9"]
[EventCountry "HUN"]
[EventCategory "7"]
[SourceTitle "CB15_2024"]
[SourceDate "2024.04.10"]
[SourceVersion "1"]
[SourceVersionDate "2024.04.10"]
[SourceQuality "1"]

1. d4 d5 2. c4 e6 3. Nc3 a6 4. cxd5 exd5 5. Nf3 Nf6 6. Bg5 Be6 7. e3 Nbd7 8. Bd3 c6 9. h3 Bd6 10. Bf4 Qb8 11. Qd2 0-0 12. 0-0 h6 13. Rfe1 Re8 14. Rac1 a5 15. Bb1 a4 16. b3 axb3 17. axb3 Nh5 18. Bxd6 Qxd6 19. Na4 1/2-1/2

[Event "Budapest One Week GM 02"]
[Site "Budapest"]
[Date "2024.02.29"]
[Round "6"]
[White "Grover, Sahaj"]
[Black "Gaal, Zsoka"]
[Result "0-1"]
[WhiteElo "2503"]
[BlackElo "2363"]
[PlyCount "72"]
[EventDate "2024.02.26"]
[EventType "tourn"]
[EventRounds "9"]
[EventCountry "HUN"]
[EventCategory "6"]
[SourceTitle "CB11_2024"]
[SourceDate "2024.03.13"]
[SourceVersion "1"]
[SourceVersionDate "2024.03.13"]
[SourceQuality "1"]

1. Nf3 Nf6 2. b3 g6 3. Bb2 Bg7 4. g3 b6 5. Bg2 Bb7 6. 0-0 0-0 7. c4 c5 8. Nc3 d5 9. Nxd5 Nxd5 10. Bxg7 Kxg7 11. cxd5 Qxd5 12. d4 cxd4 13. Qxd4+ Qxd4 14. Nxd4 Bxg2 15. Kxg2 Rc8 16. Rac1 Nd7 17. Rfd1 Nc5 18. b4 Na4 19. Nb5 Rxc1 20. Rxc1 Rd8 21. Nxa7 Rd2 22. Kf3 Rxa2 23. Rc7 Rb2 24. Nc6 Rc2 25. b5 Rc5 26. Rxe7 Rxb5 27. e4 Nc5 28. Kg2 Kf8 29. f4 Rb2+ 30. Kh3 Rc2 31. Ra7 Nxe4 32. Ne5 f6 33. Nf3 Nf2+ 34. Kh4 Rc5 35. g4 h5 36. Nd4 Rc3 0-1

[Event "Budapest One Week GM 02"]
[Site "Budapest"]
[Date "2024.02.27"]
[Round "3"]
[White "Pribelszky, Bence"]
[Black "Grover, Sahaj"]
[Result "1/2-1/2"]
[WhiteElo "2375"]
[BlackElo "2503"]
[PlyCount "79"]
[EventDate "2024.02.26"]
[EventType "tourn"]
[EventRounds "9"]
[EventCountry "HUN"]
[EventCategory "6"]
[SourceTitle "CB11_2024"]
[SourceDate "2024.03.13"]
[SourceVersion "1"]
[SourceVersionDate "2024.03.13"]
[SourceQuality "1"]

1. Nf3 d5 2. g3 g6 3. Bg2 Bg7 4. d4 Nf6 5. 0-0 0-0 6. c3 a5 7. c4 dxc4 8. Na3 Nc6 9. Nxc4 a4 10. Nce5 Nb4 11. Bd2 Nbd5 12. Qc1 c6 13. Bh6 Qb6 14. Bxg7 Kxg7 15. Rd1 h6 16. Nc4 Qb5 17. Nfe5 Bf5 18. f3 Nb6 19. e4 Nxc4 20. Qxc4 Qxc4 21. Nxc4 Be6 22. Rac1 b5 23. Ne5 Bxa2 24. Nxc6 Bb3 25. Re1 Ne8 26. Nxe7 Nd6 27. Bf1 Nc4 28. Bxc4 Bxc4 29. Rc3 f5 30. d5 fxe4 31. fxe4 Rf7 32. Nc6 Raf8 33. Ne5 Rf2 34. Nxc4 bxc4 35. Rxc4 Rxb2 36. Rxa4 Rff2 37. Ra7+ Kg8 38. Ra8+ Kg7 39. Ra7+ Kg8 40. Ra8+ 1/2-1/2

[Event "Pozarevac Rudar GM 02"]
[Site "Pozarevac"]
[Date "2024.02.13"]
[Round "7"]
[White "Velpula, Sarayu"]
[Black "Grover, Sahaj"]
[Result "0-1"]
[WhiteElo "2444"]
[BlackElo "2503"]
[PlyCount "84"]
[EventDate "2024.02.08"]
[EventType "tourn"]
[EventRounds "9"]
[EventCountry "SRB"]
[EventCategory "7"]
[SourceTitle "CB08_2024"]
[SourceDate "2024.02.21"]
[SourceVersion "1"]
[SourceVersionDate "2024.02.21"]
[SourceQuality "1"]

1. e4 e5 2. Nf3 Nc6 3. d4 exd4 4. Nxd4 Qf6 5. Nf3 Bb4+ 6. c3 Bc5 7. Be2 h6 8. 0-0 Nge7 9. Qc2 a5 10. Na3 Bxa3 11. bxa3 Ng6 12. g3 b6 13. Nd4 Bb7 14. Be3 0-0-0 15. f4 Rde8 16. Bf3 Nxd4 17. cxd4 Qc6 18. Qd3 Rxe4 19. Bxe4 Qxe4 20. Qxe4 Bxe4 21. f5 Ne7 22. f6 gxf6 23. Rxf6 Bg6 24. Bd2 Nf5 25. d5 d6 26. Bc3 Re8 27. Rd1 h5 28. Rd2 Re3 29. Bb2 Re4 30. Kf2 Kd7 31. h3 b5 32. Kf3 Re1 33. Kf2 Rh1 34. Kg2 Re1 35. Kf2 Re8 36. Bc3 a4 37. Rd3 Re4 38. Rd2 Rc4 39. Bb2 h4 40. gxh4 Rxh4 41. Kg2 Rh5 42. Bd4 Ne7 0-1

[Event "Pozarevac Rudar GM 02"]
[Site "Pozarevac"]
[Date "2024.02.11"]
[Round "5"]
[White "Grover, Sahaj"]
[Black "Krishna Teja, N."]
[Result "1-0"]
[WhiteElo "2503"]
[BlackElo "2349"]
[PlyCount "53"]
[EventDate "2024.02.08"]
[EventType "tourn"]
[EventRounds "9"]
[EventCountry "SRB"]
[EventCategory "7"]
[SourceTitle "CB08_2024"]
[SourceDate "2024.02.21"]
[SourceVersion "1"]
[SourceVersionDate "2024.02.21"]
[SourceQuality "1"]

1. e4 e5 2. Nf3 Nc6 3. Bb5 a6 4. Ba4 Bc5 5. c3 Nge7 6. 0-0 Ng6 7. d4 Ba7 8. Bg5 f6 9. Be3 0-0 10. Nbd2 d6 11. Re1 Kh8 12. h3 a5 13. Rc1 Bd7 14. Nf1 exd4 15. Nxd4 Nxd4 16. Bxd4 Bxd4 17. cxd4 d5 18. Bxd7 Qxd7 19. exd5 Nf4 20. Ne3 Rfc8 21. Rc3 Nxd5 22. Nxd5 Qxd5 23. Re7 Qd6 24. Qe2 h6 25. Qe4 Rab8 26. Rc5 c6 27. Rh5 1-0

[Event "Pozarevac Rudar GM 02"]
[Site "Pozarevac"]
[Date "2024.02.08"]
[Round "1"]
[White "Grover, Sahaj"]
[Black "Garifullina, Leya"]
[Result "1-0"]
[WhiteElo "2503"]
[BlackElo "2422"]
[PlyCount "85"]
[EventDate "2024.02.08"]
[EventType "tourn"]
[EventRounds "9"]
[EventCountry "SRB"]
[EventCategory "7"]
[SourceTitle "CB08_2024"]
[SourceDate "2024.02.21"]
[SourceVersion "1"]
[SourceVersionDate "2024.02.21"]
[SourceQuality "1"]

1. e4 e5 2. Nf3 Nc6 3. Bb5 a6 4. Ba4 Nf6 5. Qe2 Be7 6. 0-0 b5 7. Bb3 d6 8. c3 0-0 9. Rd1 Na5 10. Bc2 c5 11. d4 cxd4 12. cxd4 Qc7 13. Nc3 Bg4 14. a3 exd4 15. Rxd4 Nc6 16. Rd1 Ne5 17. Bf4 Nxf3+ 18. gxf3 Be6 19. Rac1 Qb6 20. Be3 Qb7 21. f4 Rae8 22. f3 Nh5 23. f5 Bc4 24. Qf2 Bf6 25. Rxd6 Be5 26. Rd2 Qb8 27. Qh4 g6 28. Rcd1 Rc8 29. Rd7 b4 30. Ba7 Qa8 31. axb4 Bb5 32. Bd4 Bxd7 33. Bxe5 Rfe8 34. Bd4 Qb7 35. Nd5 Rc4 36. Nf6+ Nxf6 37. Qxf6 Rxd4 38. Rxd4 Bb5 39. fxg6 hxg6 40. Bb3 Qc7 41. Qxg6+ Kh8 42. Qh6+ Kg8 43. e5 1-0

[Event "Pozarevac Rudar GM-B 01"]
[Site "Pozarevac"]
[Date "2024.02.04"]
[Round "6.2"]
[White "Citak, Selim"]
[Black "Grover, Sahaj"]
[Result "1/2-1/2"]
[WhiteElo "2326"]
[BlackElo "2503"]
[PlyCount "83"]
[EventDate "2024.01.31"]
[EventType "tourn"]
[EventRounds "9"]
[EventCountry "SRB"]
[SourceTitle "CB07_2024"]
[SourceDate "2024.02.14"]
[SourceVersion "1"]
[SourceVersionDate "2024.02.14"]
[SourceQuality "1"]
[WhiteTeam "TIeam B"]
[BlackTeam "TIeam A"]
[WhiteTeamCountry "SRB"]
[BlackTeamCountry "SRB"]

1. d4 d5 2. c4 e6 3. Nf3 Nf6 4. Nc3 Bb4 5. Bg5 h6 6. Bxf6 Qxf6 7. e3 0-0 8. Rc1 Nc6 9. a3 Bxc3+ 10. Rxc3 dxc4 11. Bxc4 e5 12. dxe5 Nxe5 13. Nxe5 Qxe5 14. 0-0 c6 15. Qb3 Qe7 16. Rd1 Bf5 17. Bd3 Be6 18. Bc4 Bf5 19. Bd3 Bg4 20. f3 Bc8 21. Bf1 Qc7 22. Rcd3 Re8 23. Qc3 Be6 24. Rd4 Re7 25. Qd2 Rae8 26. e4 Bb3 27. Rc1 a5 28. Bc4 Bxc4 29. Rcxc4 f5 30. a4 Qb6 31. Qf2 fxe4 32. Rxe4 Qb3 33. Rxe7 Rxe7 34. Rd4 Qb6 35. Rd1 Qb4 36. Ra1 Rd7 37. Qe2 Rd2 38. Qe6+ Kh7 39. Qf5+ Kh8 40. Qc8+ Kh7 41. Qf5+ Kh8 42. Qc8+ 1/2-1/2

[Event "Pozarevac Rudar GM-B 01"]
[Site "Pozarevac"]
[Date "2024.02.04"]
[Round "5.2"]
[White "Garifullina, Leya"]
[Black "Grover, Sahaj"]
[Result "1-0"]
[WhiteElo "2422"]
[BlackElo "2503"]
[PlyCount "93"]
[EventDate "2024.01.31"]
[EventType "tourn"]
[EventRounds "9"]
[EventCountry "SRB"]
[SourceTitle "CB07_2024"]
[SourceDate "2024.02.14"]
[SourceVersion "1"]
[SourceVersionDate "2024.02.14"]
[SourceQuality "1"]
[WhiteTeam "TIeam C"]
[BlackTeam "TIeam A"]
[WhiteTeamCountry "SRB"]
[BlackTeamCountry "SRB"]

1. d4 d5 2. c4 e6 3. Nf3 Nf6 4. g3 dxc4 5. Bg2 a6 6. 0-0 Nc6 7. a4 Rb8 8. a5 Bb4 9. Ra4 Qe7 10. Bg5 h6 11. Bxf6 gxf6 12. Ne1 Bd7 13. Nc2 Bd6 14. Nd2 Nb4 15. Ra1 b5 16. axb6 cxb6 17. Nxc4 a5 18. N2e3 Bc7 19. Qd2 f5 20. Rfc1 Rc8 21. d5 exd5 22. Qd4 0-0 23. Nxb6 Bxb6 24. Qxb6 Qe5 25. Rd1 Be6 26. Qxa5 Rb8 27. Rd2 Nc6 28. Qc5 Rxb2 29. Rdd1 d4 30. Qxc6 dxe3 31. f4 Qb8 32. Bf3 Rc8 33. Qa6 Kg7 34. Qd3 Qb6 35. Rab1 Rxb1 36. Rxb1 Qc5 37. Ra1 Qc3 38. Ra3 Qe1+ 39. Kg2 Rc1 40. Kh3 Qf1+ 41. Bg2 Qf2 42. Ra8 Kh7 43. Qd8 Rc8 44. Rxc8 Bxc8 45. Qxc8 Qxe2 46. Qxf5+ Kg8 47. Bd5 1-0

[Event "Budapest SixDays 01 GM-B"]
[Site "Budapest"]
[Date "2024.02.01"]
[Round "9"]
[White "Pap, Misa"]
[Black "Grover, Sahaj"]
[Result "1/2-1/2"]
[WhiteElo "2422"]
[BlackElo "2503"]
[PlyCount "21"]
[EventDate "2024.01.27"]
[EventType "tourn"]
[EventRounds "9"]
[EventCountry "HUN"]
[EventCategory "7"]
[SourceTitle "CB06_2024"]
[SourceDate "2024.02.07"]
[SourceVersion "1"]
[SourceVersionDate "2024.02.07"]
[SourceQuality "1"]

1. e4 e6 2. d4 d5 3. exd5 exd5 4. Nf3 Bd6 5. Bd3 Ne7 6. 0-0 0-0 7. c3 Bf5 8. Bxf5 Nxf5 9. Re1 c6 10. Nbd2 Nd7 11. Nf1 1/2-1/2

[Event "Budapest SixDays 01 GM-B"]
[Site "Budapest"]
[Date "2024.01.31"]
[Round "8"]
[White "Grover, Sahaj"]
[Black "Lee, Alice"]
[Result "1-0"]
[WhiteElo "2503"]
[BlackElo "2379"]
[PlyCount "77"]
[EventDate "2024.01.27"]
[EventType "tourn"]
[EventRounds "9"]
[EventCountry "HUN"]
[EventCategory "7"]
[SourceTitle "CB06_2024"]
[SourceDate "2024.02.07"]
[SourceVersion "1"]
[SourceVersionDate "2024.02.07"]
[SourceQuality "1"]

1. e4 e5 2. Nf3 Nf6 3. d4 Nxe4 4. Bd3 d5 5. Nxe5 Nd7 6. Nc3 Nxc3 7. bxc3 Nxe5 8. dxe5 Bc5 9. 0-0 0-0 10. Rb1 b6 11. Qf3 Be6 12. Qg3 Re8 13. Bg5 Be7 14. Bh6 Bf8 15. f4 f5 16. exf6 Qxf6 17. Bg5 Qf7 18. f5 Bd7 19. f6 Bd6 20. Qh4 g6 21. Rf3 a5 22. Bf4 Be5 23. Bh6 Bd6 24. Bxg6 hxg6 25. Bg7 Qe6 26. Qh8+ Kf7 27. Qh7 Bc5+ 28. Kh1 Qe4 29. Bf8+ Ke6 30. Qh3+ Ke5 31. Qg3+ Ke6 32. Bxc5 bxc5 33. f7 Reb8 34. Re1 Ke7 35. Rxe4+ dxe4 36. Qe5+ Kf8 37. Qh8+ Ke7 38. f8Q+ Rxf8 39. Qg7+ 1-0

[Event "Budapest Vezerkepzo GM 09"]
[Site "Budapest"]
[Date "2023.09.27"]
[Round "5"]
[White "Siddharth, Jagadeesh"]
[Black "Grover, Sahaj"]
[Result "1/2-1/2"]
[WhiteElo "2391"]
[BlackElo "2488"]
[PlyCount "33"]
[EventDate "2023.09.24"]
[EventType "tourn"]
[EventRounds "9"]
[EventCountry "HUN"]
[EventCategory "6"]
[SourceTitle "EXT 2024"]
[Source "ChessBase"]
[SourceDate "2023.10.10"]
[SourceVersion "1"]
[SourceVersionDate "2023.10.10"]
[SourceQuality "1"]

1. e4 e5 2. Nf3 Nc6 3. Nc3 Nf6 4. Bb5 Nd4 5. 0-0 c6 6. Bc4 d5 7. exd5 cxd5 8. Nxd4 dxc4 9. Nf3 Bd6 10. Qe2 Be6 11. Ng5 Qd7 12. Nxe6 Qxe6 13. Nb5 Rc8 14. Nxa7 Rc5 15. a4 e4 16. Nb5 Bb8 17. d4 1/2-1/2

[Event "Budapest Vezerkepzo GM 09"]
[Site "Budapest"]
[Date "2023.09.25"]
[Round "2"]
[White "Grover, Sahaj"]
[Black "Neverov, Valeriy"]
[Result "1/2-1/2"]
[WhiteElo "2488"]
[BlackElo "2397"]
[PlyCount "173"]
[EventDate "2023.09.24"]
[EventType "tourn"]
[EventRounds "9"]
[EventCountry "HUN"]
[EventCategory "6"]
[SourceTitle "EXT 2024"]
[Source "ChessBase"]
[SourceDate "2023.10.10"]
[SourceVersion "1"]
[SourceVersionDate "2023.10.10"]
[SourceQuality "1"]

1. e4 c5 2. Nf3 Nc6 3. Nc3 d6 4. d4 cxd4 5. Nxd4 Nf6 6. Bc4 Bd7 7. 0-0 g6 8. Nxc6 Bxc6 9. Re1 Bg7 10. Nd5 0-0 11. Bg5 e6 12. Nc3 h6 13. Bh4 g5 14. Bg3 d5 15. exd5 exd5 16. Bb3 d4 17. Ne2 Ne4 18. f3 Nc5 19. Bf2 Nxb3 20. axb3 d3 21. Qxd3 Qxd3 22. cxd3 Bxb2 23. Rxa7 Rxa7 24. Bxa7 Re8 25. Kf2 Bg7 26. Bc5 f5 27. Rd1 Ra8 28. Rd2 Bd5 29. b4 Ra2 30. Rxa2 Bxa2 31. f4 Kf7 32. Bd4 Bf8 33. Bc3 Bd6 34. g3 gxf4 35. gxf4 Bd5 36. Ke3 Bc6 37. Nd4 Bd7 38. Nc2 Ba4 39. Na3 Ke6 40. Nc4 Bc6 41. Nd2 Bd5 42. Nf1 Bb3 43. Bd2 Bd1 44. Kd4 Be2 45. Ng3 Bf3 46. Kc4 h5 47. Be3 h4 48. Nf1 Bd5+ 49. Kb5 Bc6+ 50. Kc4 Bd5+ 51. Kc3 h3 52. b5 Bg2 53. Nd2 Kd5 54. Nb3 Be7 55. Kd2 Bf6 56. Ke2 Bh1 57. Na5 Ke6 58. Bf2 Bg2 59. Nc4 Bd5 60. Nd2 Bg2 61. Nf3 Kd5 62. Be3 Be7 63. Nd4 Bf6 64. Nxf5 Ke6 65. Ng3 Bh4 66. Ne4 Kf5 67. Nd6+ Ke6 68. Ne4 Kf5 69. Nd2 Bg3 70. Nf3 Bxf4 71. Bxf4 Kxf4 72. Nd2 Ke5 73. Ke3 Kd5 74. Nb3 Bh1 75. Kd2 Bf3 76. Kc3 Bd1 77. Na5 b6 78. Nc4 Kc5 79. Na3 Be2 80. d4+ Kd5 81. Kd2 Bf3 82. Ke3 Bg2 83. Kd3 Bf1+ 84. Kc3 Be2 85. Kd2 Bf1 86. Ke3 Bg2 87. Kd3 1/2-1/2

[Event "Budapest SixDays 09 GM-B"]
[Site "Budapest"]
[Date "2023.09.23"]
[Round "9"]
[White "Siddharth, Jagadeesh"]
[Black "Grover, Sahaj"]
[Result "1/2-1/2"]
[WhiteElo "2391"]
[BlackElo "2488"]
[PlyCount "56"]
[EventDate "2023.09.18"]
[EventType "tourn"]
[EventRounds "9"]
[EventCountry "HUN"]
[EventCategory "6"]
[SourceTitle "EXT 2024"]
[Source "ChessBase"]
[SourceDate "2023.10.10"]
[SourceVersion "1"]
[SourceVersionDate "2023.10.10"]
[SourceQuality "1"]

1. e4 c6 2. d4 d5 3. e5 c5 4. Nf3 cxd4 5. Qxd4 Nc6 6. Qf4 e6 7. Bd3 f6 8. Nc3 fxe5 9. Nxe5 Nf6 10. Nb5 Bb4+ 11. c3 Ba5 12. Nxc6 bxc6 13. Nd6+ Ke7 14. Qg3 Kf8 15. Nxc8 Rxc8 16. 0-0 Bc7 17. Qh3 Kf7 18. Re1 Re8 19. Bg5 h6 20. Bh4 Bf4 21. Bxf6 Qxf6 22. Re2 Re7 23. Rae1 Rce8 24. g3 Bd6 25. Qh5+ Kg8 26. Qg6 e5 27. Qxf6 gxf6 28. f3 a5 1/2-1/2

[Event "Budapest SixDays 09 GM-B"]
[Site "Budapest"]
[Date "2023.09.21"]
[Round "6"]
[White "Grover, Sahaj"]
[Black "Varga, Zoltan"]
[Result "1-0"]
[WhiteElo "2488"]
[BlackElo "2368"]
[PlyCount "53"]
[EventDate "2023.09.18"]
[EventType "tourn"]
[EventRounds "9"]
[EventCountry "HUN"]
[EventCategory "6"]
[SourceTitle "EXT 2024"]
[Source "ChessBase"]
[SourceDate "2023.10.10"]
[SourceVersion "1"]
[SourceVersionDate "2023.10.10"]
[SourceQuality "1"]

1. e4 c5 2. Nf3 g6 3. d4 cxd4 4. Nxd4 Bg7 5. c4 Nc6 6. Be3 Nf6 7. Nc3 0-0 8. Be2 Nxd4 9. Bxd4 d6 10. 0-0 a5 11. Qc2 a4 12. Rad1 Qa5 13. f4 a3 14. b3 e5 15. fxe5 dxe5 16. Be3 Be6 17. Rd6 Rfc8 18. Rb6 Bh6 19. Bf2 Bf8 20. Rxb7 Bb4 21. Rb5 Bxc3 22. Rxa5 Bxa5 23. c5 Rab8 24. Bc4 Ng4 25. Bxe6 fxe6 26. Qc4 Nxf2 27. Qxe6+ 1-0

[Event "Budapest SixDays 09 GM-B"]
[Site "Budapest"]
[Date "2023.09.20"]
[Round "4"]
[White "Grover, Sahaj"]
[Black "Baum, Jonasz"]
[Result "1-0"]
[WhiteElo "2488"]
[BlackElo "2436"]
[PlyCount "139"]
[EventDate "2023.09.18"]
[EventType "tourn"]
[EventRounds "9"]
[EventCountry "HUN"]
[EventCategory "6"]
[SourceTitle "EXT 2024"]
[Source "ChessBase"]
[SourceDate "2023.10.10"]
[SourceVersion "1"]
[SourceVersionDate "2023.10.10"]
[SourceQuality "1"]

1. e4 c5 2. Nf3 d6 3. d4 cxd4 4. Nxd4 Nf6 5. Nc3 a6 6. Bc4 e6 7. Bb3 b5 8. Be3 Be7 9. a3 Qc7 10. Qe2 Nc6 11. 0-0-0 Na5 12. Kb1 Rb8 13. g4 Nc4 14. Bxc4 bxc4 15. Ka1 Bb7 16. f3 g6 17. Qd2 h5 18. h3 Ba8 19. Nde2 Qa5 20. Bf4 Rb6 21. Rhg1 Nd7 22. Be3 Rb8 23. Ba7 Rb7 24. Bd4 Ne5 25. Qe3 hxg4 26. hxg4 g5 27. Rh1 Rg8 28. Nb1 Nc6 29. Bc3 Qb6 30. Qxb6 Rxb6 31. Nd2 d5 32. exd5 exd5 33. Rh6 Bd8 34. Rd6 Be7 35. Rxd5 Nb4 36. Ra5 Nxc2+ 37. Ka2 Ne3 38. Re1 Nd5 39. Nd4 Nxc3+ 40. bxc3 Kd8 41. Nxc4 Rf6 42. Rae5 Bd6 43. Nxd6 Rxd6 44. Kb3 Kc7 45. Rf5 Bd5+ 46. c4 Be6 47. Nxe6+ fxe6 48. Rf7+ Rd7 49. Rf6 Rd3+ 50. Kb4 Rb8+ 51. Kc5 Kd7 52. Rf7+ Ke8 53. Rc7 Rxa3 54. Rxe6+ Kf8 55. Rf6+ Kg8 56. Ra7 Rc8+ 57. Kb4 Ra1 58. Raxa6 Rb1+ 59. Kc3 Rc1+ 60. Kd3 R8xc4 61. Rg6+ Kh7 62. Rxg5 R4c3+ 63. Ke4 Re1+ 64. Kf4 Rf1 65. Rh5+ Kg7 66. Rh3 Rb3 67. Re6 Kf7 68. Re3 Rb5 69. Rh7+ Kg6 70. Rhe7 1-0

[Event "Budapest SixDays 09 GM-B"]
[Site "Budapest"]
[Date "2023.09.18"]
[Round "1"]
[White "Xiao, Tong"]
[Black "Grover, Sahaj"]
[Result "1-0"]
[WhiteElo "2452"]
[BlackElo "2488"]
[PlyCount "153"]
[EventDate "2023.09.18"]
[EventType "tourn"]
[EventRounds "9"]
[EventCountry "HUN"]
[EventCategory "6"]
[SourceTitle "EXT 2024"]
[Source "ChessBase"]
[SourceDate "2023.10.10"]
[SourceVersion "1"]
[SourceVersionDate "2023.10.10"]
[SourceQuality "1"]

1. e4 e5 2. Nf3 Nc6 3. Bb5 a6 4. Ba4 Bc5 5. 0-0 d6 6. c3 Ba7 7. Re1 Nge7 8. h3 0-0 9. d4 Bd7 10. Bb3 Ng6 11. Bg5 Qe8 12. Be3 Na5 13. Bc2 c5 14. d5 Nc4 15. Bc1 b5 16. a4 Nb6 17. a5 Nc8 18. Nbd2 c4 19. Nf1 Nce7 20. Be3 Qc8 21. Ng3 Bxe3 22. fxe3 Qc5 23. Qd2 Rab8 24. Kh2 b4 25. Ba4 Bc8 26. Qe2 f5 27. exf5 Nxf5 28. Ne4 Qc7 29. Bc6 bxc3 30. bxc3 Nfe7 31. Qxc4 Bb7 32. Nfg5 Bxc6 33. Ne6 Qc8 34. Nxf8 Bxd5 35. Qxc8 Nxc8 36. Nxg6 Bxe4 37. Nh4 Rb2 38. Kg1 Ne7 39. Ra4 Bc6 40. Rb4 Ra2 41. Rb6 g5 42. Nf3 h5 43. e4 g4 44. hxg4 hxg4 45. Nh2 Rxa5 46. Nxg4 Kf7 47. Rf1+ Ke6 48. Rf6+ Kd7 49. Rf7 Bxe4 50. Nf6+ Ke6 51. Rxe7+ Kxf6 52. Rd7 Ra2 53. Rbxd6+ Kg5 54. Rd2 Ra1+ 55. Rd1 Ra3 56. Re1 Kf5 57. Rd2 Bc6 58. Re3 Kf4 59. Rh3 a5 60. Rd6 Bb7 61. Rb6 Bd5 62. Rb5 Be4 63. Rb2 Bc6 64. Rf2+ Ke4 65. g4 Rb3 66. Kh2 a4 67. c4 Kd4 68. g5 Rb1 69. Rh6 Kc5 70. Re2 e4 71. g6 e3 72. Kg3 Kd4 73. g7 Kd3 74. Rg2 e2 75. Rd6+ Kc3 76. Rxe2 Rg1+ 77. Kf2 1-0

[Event "Budapest FS07 GM"]
[Site "Budapest"]
[Date "2023.07.10"]
[Round "8"]
[White "Neverov, Valeriy"]
[Black "Grover, Sahaj"]
[Result "1/2-1/2"]
[WhiteElo "2410"]
[BlackElo "2503"]
[PlyCount "62"]
[EventDate "2023.07.01"]
[EventType "tourn"]
[EventRounds "9"]
[EventCountry "HUN"]
[EventCategory "6"]
[SourceTitle "EXT 2024"]
[Source "ChessBase"]
[SourceDate "2023.10.10"]
[SourceVersion "1"]
[SourceVersionDate "2023.10.10"]
[SourceQuality "1"]

1. Nf3 d5 2. g3 g6 3. Bg2 Bg7 4. d4 Nf6 5. 0-0 0-0 6. c3 Bf5 7. Qb3 Qc8 8. Bg5 Nbd7 9. c4 dxc4 10. Qxc4 h6 11. Bxf6 Bxf6 12. Nc3 c5 13. Nd5 cxd4 14. Nxf6+ Nxf6 15. Qxc8 Raxc8 16. Nxd4 Be4 17. Rfc1 Rfd8 18. Nb3 b6 19. Rxc8 Rxc8 20. Rc1 Rxc1+ 21. Nxc1 Bb1 22. a3 e5 23. Nb3 Kf8 24. Nd2 Bf5 25. e4 Be6 26. f3 Nd7 27. Kf2 Nc5 28. Bf1 Na4 29. b3 Nb2 30. Be2 Ke7 31. f4 exf4 1/2-1/2

[Event "Budapest FS07 GM"]
[Site "Budapest"]
[Date "2023.07.08"]
[Round "7"]
[White "Grover, Sahaj"]
[Black "Ngo, Bach"]
[Result "0-1"]
[WhiteElo "2503"]
[BlackElo "2345"]
[PlyCount "92"]
[EventDate "2023.07.01"]
[EventType "tourn"]
[EventRounds "9"]
[EventCountry "HUN"]
[EventCategory "6"]
[SourceTitle "EXT 2024"]
[Source "ChessBase"]
[SourceDate "2023.10.10"]
[SourceVersion "1"]
[SourceVersionDate "2023.10.10"]
[SourceQuality "1"]

1. e4 e5 2. Nf3 Nc6 3. Bb5 Nf6 4. 0-0 Nxe4 5. Re1 Nd6 6. a4 Be7 7. Nc3 a6 8. Bf1 e4 9. Nxe4 Nxe4 10. Rxe4 d5 11. Re1 Bg4 12. h3 Bh5 13. c3 d4 14. g4 Bg6 15. Nxd4 Nxd4 16. cxd4 h5 17. b3 Kf8 18. Rxe7 Kxe7 19. Ba3+ Kd7 20. Qf3 Qg5 21. Bg2 c6 22. Rc1 Qf6 23. Qc3 Rac8 24. Qc5 hxg4 25. hxg4 Rc7 26. d5 Qf4 27. dxc6+ bxc6 28. Qe7+ Kc8 29. Qe2 Kb7 30. Rc4 Qh2+ 31. Kf1 Re8 32. Qf3 Qe5 33. Rc1 Be4 34. Qxe4 Qxe4 35. Bxe4 Rxe4 36. f3 Rd4 37. Ke2 Rcd7 38. Rc2 Rd3 39. Rb2 R3d5 40. Bb4 f5 41. Bc3 fxg4 42. fxg4 Rf7 43. Rb1 Rg5 44. Rg1 Rf4 45. Ke3 Rgxg4 46. Rh1 Rf7 0-1

[Event "Budapest FS06 GM"]
[Site "Budapest"]
[Date "2023.06.09"]
[Round "6"]
[White "Grover, Sahaj"]
[Black "Sahithi Varshini, M."]
[Result "1-0"]
[WhiteElo "2513"]
[BlackElo "2249"]
[PlyCount "81"]
[EventDate "2023.06.03"]
[EventType "tourn"]
[EventRounds "9"]
[EventCountry "HUN"]
[EventCategory "6"]
[SourceTitle "CBM 214 Extra"]
[Source "ChessBase"]
[SourceDate "2023.07.31"]
[SourceVersion "1"]
[SourceVersionDate "2023.07.31"]
[SourceQuality "1"]

1. d4 d5 2. Bf4 Nf6 3. e3 e6 4. Nf3 c5 5. Nbd2 Bd6 6. Bb5+ Nc6 7. dxc5 Bxc5 8. c4 0-0 9. 0-0 Qb6 10. a3 Be7 11. b4 a5 12. Bxc6 bxc6 13. c5 Qa6 14. Nb3 a4 15. Nbd4 Nd7 16. Qc2 Bf6 17. Bd6 e5 18. Bxf8 exd4 19. Bd6 d3 20. Qd1 Bxa1 21. Qxa1 f6 22. Rd1 Nf8 23. Bxf8 Kxf8 24. Nd4 Qb7 25. Rxd3 Qd7 26. Qd1 Qe8 27. Rd2 h5 28. Qf3 Bd7 29. Qf4 Qe5 30. f3 Re8 31. Kf2 Kf7 32. h4 Ra8 33. Rc2 Rb8 34. Rd2 Ra8 35. Ne2 Ra7 36. e4 Be6 37. exd5 Bxd5 38. Qxe5 fxe5 39. b5 Ke6 40. b6 Ra8 41. Nc3 1-0

[Event "Budapest FS06 GM"]
[Site "Budapest"]
[Date "2023.06.05"]
[Round "3"]
[White "Grover, Sahaj"]
[Black "Harshavardhan, GB."]
[Result "1/2-1/2"]
[WhiteElo "2513"]
[BlackElo "2408"]
[PlyCount "35"]
[EventDate "2023.06.03"]
[EventType "tourn"]
[EventRounds "9"]
[EventCountry "HUN"]
[EventCategory "6"]
[SourceTitle "CBM 214 Extra"]
[Source "ChessBase"]
[SourceDate "2023.07.31"]
[SourceVersion "1"]
[SourceVersionDate "2023.07.31"]
[SourceQuality "1"]

1. d4 Nf6 2. Bf4 e6 3. e3 c5 4. Nf3 Nc6 5. Nbd2 h6 6. Bd3 Nh5 7. Bg3 Nxg3 8. hxg3 d5 9. c3 Qb6 10. Rb1 a5 11. a4 Bd7 12. 0-0 Be7 13. Qe2 0-0 14. Bc2 Qa6 15. Bd3 Qb6 16. Bc2 Qa6 17. Bd3 Qb6 18. Bc2 1/2-1/2